Vzájomná spolupráca

Bibliographic Details
Main Author: Baloghová, Eva (PhDr.) (Author)
Format: Article
Language:Slovak
Subjects:

MARC

LEADER 00000nab a2200000 a 4500
001 vtls000192942
003 SK-MaSNL
005 20260305001256.0
008 250423c1984 xo 0 slo
015 |a SNBRB19rr/mm-uuuuu 
035 |a CL0203055 
035 |a urn:nbn:sk:snk-abbdyz 
035 |a (urnnbn)urn:nbn:sk:snk:ar-000l88 
035 |a (uuid)60458853-c5fd-4e2f-abdb-8c9121ef2eb3 
040 |a SNKBUCL  |b slo  |c SNKBUCL  |e AACR2 
041 0 |a slo 
044 |a xo  |c SK 
080 |a 027.625(437.671)  |2 1981 
080 |a 028  |2 1981 
080 |a 374  |2 1981 
100 1 |a Baloghová, Eva  |c (PhDr.)  |4 aut  |9 260401 
245 1 0 |a Vzájomná spolupráca  |c Eva Baloghová 
610 2 7 |a Mestská knižnica v Bratislave.  |b Úsek literatúry pre mládež  |2 SNKKA  |9 256769 
650 0 7 |a práca s čitateľom  |2 snkbucl  |9 15565 
650 0 7 |a deti  |2 snkbucl  |9 773 
655 7 |a články z novín a časopisov  |2 snkbucl  |9 267496 
773 0 |t Čitateľ  |g Roč. 33, č. 7-8 (1984), s. 290 
850 |a Slovenská národná knižnica 
852 |a Slovenská národná knižnica 
954 |a odborná, vedecká literatúra pôvodná (slovenská)  |2 lita 
957 |a 5100 
958 |a article15 
958 |a OND 
958 |a RK 
958 |a KL 
958 |a EUIPO 
992 |a RBX 
999 |c 3218366  |d 3220296